Olivia Rodrigo - Chansons par acronymes #1 - Statistiques

Statistiques générales
  • Ce quiz a été pris 157 fois
  • Le résultat moyen est 8 sur 10
Statistiques - réponses
Hint Réponse % Correct
G4U Good 4 U
99%
1SF3B 1 Step Forward, 3 Steps Back
96%
BOAHG Ballad of a Homeschooled Girl
82%
AAB All-American Bitch
77%
EFY Enough for You
76%
CCMN Can't Catch Me Now
70%
GHB Get Him Back!
69%
HUO Hope Ur Ok
66%
GIAB Girl I've Always Been
64%
BIR Bad Idea Right?
63%
Aucun quiz correspondant
Distribution des résultats
% des personnes avec chaque résultat
Percentile par nombre de réponses
Votre historique - résultats
Vous n’avez pas pris ce quiz